[Event "Titled Tuesday intern op 16th Apr Early"]
[Site "Chess.com INT"]
[Date "2024.04.16"]
[Round "6"]
[White "Deac, Bogdan Daniel"]
[Black "Ilamparthi, AR."]
[Result "0-1"]
[WhiteElo "2692"]
[BlackElo "2440"]
[PlyCount "88"]
[EventDate "2024.04.16"]
[EventType "swiss (blitz)"]
[EventRounds "11"]
[EventCountry "USA"]
[SourceTitle "CB17_2024"]
[SourceDate "2024.04.24"]
[SourceVersion "1"]
[SourceVersionDate "2024.04.24"]
[SourceQuality "1"]

1. d4 Nf6 2. c4 g6 3. Nc3 Bg7 4. e4 d6 5. Nf3 0-0 6. Bd3 Bg4 7. Be2 Nfd7 8. Be3 Bxf3 9. Bxf3 Nc6 10. d5 Na5 11. Be2 Nb6 12. Bd4 Bxd4 13. Qxd4 c5 14. dxc6 Nxc6 15. Qd2 e5 16. b3 Nd4 17. 0-0 Nd7 18. f4 a5 19. Nd5 Nb6 20. Ne3 Nd7 21. Rad1 Nc5 22. Bd3 exf4 23. Rxf4 Nde6 24. Rff1 Nxd3 25. Qxd3 Nc5 26. Qxd6 Nxe4 27. Qf4 Qb6 28. Kh1 f5 29. Nd5 Qc5 30. h3 Rad8 31. Kh2 b5 32. Rc1 bxc4 33. bxc4 Rf7 34. Rfe1 Re8 35. Red1 Nf2 36. Rd2 Ne4 37. Rb2 Kg7 38. Rb5 Qd4 39. Rxa5 g5 40. Qe3 Qe5+ 41. Kg1 f4 42. Qb6 Ng3 43. Nc3 Qe1+ 44. Rxe1 Rxe1+ 0-1

[Event "Titled Tuesday intern op 16th Apr Early"]
[Site "Chess.com INT"]
[Date "2024.04.16"]
[Round "11"]
[White "Ilamparthi, AR."]
[Black "Bluebaum, Matthias"]
[Result "1-0"]
[WhiteElo "2440"]
[BlackElo "2649"]
[PlyCount "75"]
[EventDate "2024.04.16"]
[EventType "swiss (blitz)"]
[EventRounds "11"]
[EventCountry "USA"]
[SourceTitle "CB17_2024"]
[SourceDate "2024.04.24"]
[SourceVersion "1"]
[SourceVersionDate "2024.04.24"]
[SourceQuality "1"]

1. e4 e6 2. d3 d5 3. Nd2 Nf6 4. Ngf3 Be7 5. g3 a5 6. Bg2 a4 7. a3 c5 8. 0-0 Nc6 9. Re1 h6 10. Qe2 0-0 11. e5 Nh7 12. Nf1 Ng5 13. h4 Nxf3+ 14. Qxf3 f6 15. exf6 Bxf6 16. Qd1 Qd6 17. Ne3 Bd7 18. Ng4 e5 19. c4 d4 20. Be4 Na5 21. f4 Nb3 22. fxe5 Bxg4 23. Qxg4 Bxe5 24. Bxh6 Nxa1 25. Bd5+ Kh8 26. Bg5 g6 27. h5 Rf5 28. Qh3 Kg7 29. hxg6 Qxg6 30. Bh6+ Kf6 31. Qh4+ Rg5 32. Bxg5+ Qxg5 33. Rf1+ Ke7 34. Qxg5+ Kd6 35. Qg6+ Kc7 36. Rf7+ Kb8 37. Rxb7+ Kc8 38. Qe8# 1-0

[Event "Titled Tuesday intern op 16th Apr Early"]
[Site "Chess.com INT"]
[Date "2024.04.16"]
[Round "2"]
[White "Ilamparthi, AR."]
[Black "Krawczyk, Flawian"]
[Result "1-0"]
[WhiteElo "2440"]
[BlackElo "2315"]
[PlyCount "67"]
[EventDate "2024.04.16"]
[EventType "swiss (blitz)"]
[EventRounds "11"]
[EventCountry "USA"]
[SourceTitle "CB17_2024"]
[SourceDate "2024.04.24"]
[SourceVersion "1"]
[SourceVersionDate "2024.04.24"]
[SourceQuality "1"]

1. e4 c5 2. Nf3 Nc6 3. d3 g6 4. g3 Bg7 5. Bg2 d6 6. 0-0 Nf6 7. Re1 0-0 8. h3 Rb8 9. c3 b5 10. d4 cxd4 11. cxd4 Bb7 12. Bg5 h6 13. Bf4 Nd7 14. Qd2 Kh7 15. Nc3 b4 16. Nd5 e6 17. Nxb4 Nxb4 18. Qxb4 Bxe4 19. Qa3 Bxf3 20. Bxf3 Bxd4 21. Rad1 e5 22. Rxd4 exd4 23. Bxd6 Re8 24. Rxe8 Qxe8 25. Bxb8 Qxb8 26. Qe7 Ne5 27. Bd1 Kg8 28. f4 d3 29. Qxe5 Qb6+ 30. Kg2 Qc6+ 31. Kf2 Qc1 32. Bb3 Qd2+ 33. Kf3 Kh7 34. Qe7 1-0

[Event "Titled Tuesday intern op 16th Apr Early"]
[Site "Chess.com INT"]
[Date "2024.04.16"]
[Round "4"]
[White "Vovk, Orest"]
[Black "Ilamparthi, AR."]
[Result "0-1"]
[WhiteElo "2315"]
[BlackElo "2440"]
[PlyCount "72"]
[EventDate "2024.04.16"]
[EventType "swiss (blitz)"]
[EventRounds "11"]
[EventCountry "USA"]
[SourceTitle "CB17_2024"]
[SourceDate "2024.04.24"]
[SourceVersion "1"]
[SourceVersionDate "2024.04.24"]
[SourceQuality "1"]

1. g4 e5 2. g5 Nc6 3. Bg2 Qxg5 4. Bxc6 dxc6 5. Nf3 Qf6 6. Nc3 Bf5 7. d4 e4 8. Ne5 Bd6 9. Bf4 g5 10. Bg3 0-0-0 11. Qd2 Ne7 12. 0-0-0 Ng6 13. Qe3 Qe6 14. d5 cxd5 15. Nxg6 hxg6 16. Qxa7 c6 17. Rd4 Bxg3 18. fxg3 Qe5 19. Qa8+ Kc7 20. Qa5+ Kd6 21. e3 Ke6 22. Rb4 Rd7 23. Na4 Kf6 24. Nc5 Re7 25. Rxb7 Rxb7 26. Nxb7 Rb8 27. Qa6 Bc8 28. Qxc6+ Kg7 29. Nd6 Qxb2+ 30. Kd2 Be6 31. Ne8+ Kf8 32. Nc7 Qb4+ 33. Ke2 Bg4+ 34. Kf1 Qb1+ 35. Kf2 Qxh1 36. Ne6+ Kg8 0-1

[Event "Titled Tuesday intern op 02nd Apr Early"]
[Site "Chess.com INT"]
[Date "2024.04.02"]
[Round "2"]
[White "Ilamparthi, AR."]
[Black "Begunov, Konstantin"]
[Result "1-0"]
[WhiteElo "2440"]
[BlackElo "2325"]
[PlyCount "129"]
[EventDate "2024.04.02"]
[EventType "swiss (blitz)"]
[EventRounds "11"]
[EventCountry "USA"]
[SourceTitle "CB15_2024"]
[SourceDate "2024.04.10"]
[SourceVersion "1"]
[SourceVersionDate "2024.04.10"]
[SourceQuality "1"]

1. e4 c5 2. Nf3 d6 3. g3 Nc6 4. Bg2 Bg4 5. h3 Bxf3 6. Bxf3 g6 7. 0-0 Bg7 8. c3 Qd7 9. Bg2 e6 10. a4 Nge7 11. Re1 0-0 12. d3 a6 13. Na3 Na5 14. Be3 b5 15. axb5 axb5 16. e5 Rab8 17. exd6 Qxd6 18. Nc2 Nb3 19. Ra3 c4 20. dxc4 Qxd1 21. Rxd1 bxc4 22. Bf1 Rfc8 23. Rd7 Nd5 24. Raa7 Nxe3 25. Nxe3 Rf8 26. Bxc4 Nc5 27. Rdc7 Ne4 28. Rab7 Be5 29. Re7 Bf6 30. Rxf7 Rxb7 31. Rxb7 Bg5 32. Bxe6+ Kh8 33. f4 Nc5 34. Rb6 Bd8 35. Rc6 Na4 36. Nc4 Bf6 37. Kg2 Rb8 38. Rc8+ Rxc8 39. Bxc8 Be7 40. Bd7 Nc5 41. Bc6 Nd3 42. Kf3 Kg7 43. Ke3 Nc5 44. b4 Na6 45. Ne5 Kf6 46. Kd4 Bd6 47. Nc4 Bc7 48. Ne3 Ke6 49. Bd5+ Kd6 50. Bg8 Bb6+ 51. Kd3 h6 52. Bh7 g5 53. Nc4+ Kc7 54. Nxb6 Kxb6 55. fxg5 hxg5 56. h4 gxh4 57. gxh4 Nc7 58. Bf5 Nd5 59. Kd4 Nf6 60. Bg6 Kc6 61. Ke5 Ng4+ 62. Kf4 Nf6 63. h5 Ng8 64. Kg5 Kd6 65. h6 1-0

[Event "Titled Tuesday intern op 02nd Apr Early"]
[Site "Chess.com INT"]
[Date "2024.04.02"]
[Round "5"]
[White "Ilamparthi, AR."]
[Black "Povshednyi, Ivan"]
[Result "1-0"]
[WhiteElo "2440"]
[BlackElo "2249"]
[PlyCount "163"]
[EventDate "2024.04.02"]
[EventType "swiss (blitz)"]
[EventRounds "11"]
[EventCountry "USA"]
[SourceTitle "CB15_2024"]
[SourceDate "2024.04.10"]
[SourceVersion "1"]
[SourceVersionDate "2024.04.10"]
[SourceQuality "1"]

1. e4 c5 2. Nf3 d6 3. g3 Nf6 4. d3 Nc6 5. Bg2 g6 6. 0-0 Bg7 7. Re1 0-0 8. c3 e5 9. h3 h6 10. a3 Be6 11. b4 b5 12. Bb2 a6 13. Nbd2 Qd7 14. Kh2 a5 15. a4 axb4 16. axb5 Rxa1 17. Qxa1 Na7 18. c4 Qb7 19. Nb3 Ra8 20. Qd1 Nd7 21. Qc2 Nc8 22. Ra1 Rxa1 23. Bxa1 Qa7 24. Qb1 Ncb6 25. Nfd2 h5 26. h4 Nf6 27. Kg1 Ng4 28. Nf3 f6 29. Bb2 Bh6 30. Bc1 Bxc1 31. Qxc1 Qa2 32. Nfd2 Na4 33. Qb1 Qxb1+ 34. Nxb1 Nh6 35. Na5 Nf7 36. Kf1 Nd8 37. Ke2 Kf7 38. Kd2 Ke7 39. Kc2 Kd7 40. f4 Kc7 41. Bf3 Bf7 42. Nd2 Be8 43. Nf1 Nb7 44. Nxb7 Kxb7 45. f5 g5 46. hxg5 fxg5 47. Ne3 g4 48. Bd1 Nb6 49. f6 Bg6 50. Nf5 Bxf5 51. exf5 Nd7 52. f7 Nf8 53. f6 Kb6 54. Kd2 Ne6 55. Ke3 Kc7 56. Ke4 Kd7 57. Kf5 Nd4+ 58. Kg6 Ne6 59. Kh7 Nf8+ 60. Kh6 h4 61. Bxg4+ Kd8 62. gxh4 b3 63. Bd1 b2 64. Bc2 d5 65. cxd5 c4 66. dxc4 Kc7 67. c5 Nd7 68. d6+ Kd8 69. Kg7 Nf8 70. Kxf8 Kd7 71. Bf5+ Kd8 72. c6 b1Q 73. Be6 Qc1 74. c7+ Qxc7 75. dxc7+ Kxc7 76. Ke7 e4 77. f8Q e3 78. Qd8+ Kb7 79. Bd5+ Ka7 80. Qa5+ Kb8 81. f7 e2 82. f8Q# 1-0

[Event "Titled Tuesday intern op 06th Feb Early"]
[Site "Chess.com INT"]
[Date "2024.02.06"]
[Round "2"]
[White "Causo, Deniel"]
[Black "Ilamparthi, AR."]
[Result "1-0"]
[WhiteElo "2224"]
[BlackElo "2414"]
[PlyCount "73"]
[EventDate "2024.02.06"]
[EventType "swiss (blitz)"]
[EventRounds "11"]
[EventCountry "USA"]
[SourceTitle "CB07_2024"]
[SourceDate "2024.02.14"]
[SourceVersion "1"]
[SourceVersionDate "2024.02.14"]
[SourceQuality "1"]

1. e4 c5 2. c3 e5 3. Nf3 Nc6 4. Bc4 Nf6 5. Ng5 d5 6. exd5 Nxd5 7. d4 cxd4 8. 0-0 Be7 9. Qh5 g6 10. Qh6 Bf8 11. Qh4 h6 12. Qe4 Bf5 13. Qxd5 Qxd5 14. Bxd5 hxg5 15. Bxg5 Be7 16. Bxe7 Kxe7 17. cxd4 Nxd4 18. Nc3 Rab8 19. f4 Nc2 20. Rac1 Ne3 21. Rf3 exf4 22. Rxf4 Nxd5 23. Nxd5+ Kd6 24. Ne3 Be6 25. Rd4+ Ke5 26. Rb4 b6 27. Rc7 Rbc8 28. Rxa7 Rc1+ 29. Kf2 Rd8 30. Ke2 Rd6 31. a4 f5 32. g3 g5 33. a5 bxa5 34. Rxa5+ Kf6 35. h4 gxh4 36. Rxh4 Rh1 37. Rxh1 1-0

[Event "Titled Tuesday intern op 06th Feb Early"]
[Site "Chess.com INT"]
[Date "2024.02.06"]
[Round "4"]
[White "Taboas Rodriguez, Daniel"]
[Black "Ilamparthi, AR."]
[Result "1-0"]
[WhiteElo "2360"]
[BlackElo "2414"]
[PlyCount "101"]
[EventDate "2024.02.06"]
[EventType "swiss (blitz)"]
[EventRounds "11"]
[EventCountry "USA"]
[SourceTitle "CB07_2024"]
[SourceDate "2024.02.14"]
[SourceVersion "1"]
[SourceVersionDate "2024.02.14"]
[SourceQuality "1"]

1. d4 Nf6 2. Nf3 g6 3. c4 Bg7 4. Nc3 0-0 5. e4 d6 6. Be2 Nbd7 7. 0-0 e5 8. Be3 Qe7 9. d5 c5 10. Ne1 Kh8 11. Nd3 Ng8 12. Qd2 f5 13. f4 fxe4 14. Nf2 exf4 15. Bxf4 Ngf6 16. Bg5 Qe5 17. Bf4 Qe7 18. Bg5 Re8 19. Qe3 Qe5 20. Bf4 Qd4 21. Nb5 Qxe3 22. Bxe3 Rf8 23. Nxd6 b6 24. Rae1 Ne5 25. Nfxe4 Nxe4 26. Nxe4 Bf5 27. Nd6 Bd3 28. b3 Rad8 29. Rxf8+ Rxf8 30. Bxd3 Nxd3 31. Rf1 Rxf1+ 32. Kxf1 Nb4 33. a4 Nc2 34. Ke2 Na1 35. Nb5 Nxb3 36. d6 Bf6 37. Nxa7 Na5 38. d7 Kg7 39. Bf4 Bd8 40. Kd3 Kf7 41. Bd2 Nb7 42. Nc6 Ke6 43. Nxd8+ Nxd8 44. Bg5 Kxd7 45. Bxd8 Kxd8 46. Ke4 Ke7 47. Ke5 h6 48. h4 g5 49. hxg5 hxg5 50. Kf5 Kd6 51. g4 1-0

[Event "Bangalore op 1st"]
[Site "Bangalore"]
[Date "2024.01.23"]
[Round "7"]
[White "Short, Nigel D"]
[Black "Ilamparthi, AR."]
[Result "1-0"]
[WhiteElo "2592"]
[BlackElo "2426"]
[PlyCount "67"]
[EventDate "2024.01.18"]
[EventType "swiss"]
[EventRounds "10"]
[EventCountry "IND"]
[SourceTitle "CB05_2024"]
[SourceDate "2024.01.31"]
[SourceVersion "1"]
[SourceVersionDate "2024.01.31"]
[SourceQuality "1"]

1. e4 c5 2. Nf3 e6 3. b3 Nc6 4. Bb2 a6 5. c4 Nf6 6. e5 Ng4 7. h3 Nh6 8. Bd3 d6 9. exd6 Qxd6 10. Bc2 Nd4 11. Nxd4 cxd4 12. Qe2 g6 13. 0-0 Bg7 14. Ba3 Qc7 15. d3 Nf5 16. Bd1 Bd7 17. Qb2 Bc6 18. Nd2 Nh4 19. Ne4 0-0-0 20. g3 f5 21. Ng5 Rde8 22. gxh4 e5 23. b4 h6 24. Nf3 e4 25. b5 Bd7 26. Ne1 g5 27. bxa6 Bc6 28. axb7+ Kb8 29. Rb1 e3 30. Ng2 gxh4 31. Bc5 Bf8 32. Qa3 Bxb7 33. Bxf8 Rg8 34. Bf3 1-0

[Event "Indore op 2nd"]
[Site "Indore"]
[Date "2024.01.16"]
[Round "10"]
[White "Ilamparthi, AR."]
[Black "Sahoo, Utkal Ranjan"]
[Result "0-1"]
[WhiteElo "2426"]
[BlackElo "2316"]
[PlyCount "76"]
[EventDate "2024.01.09"]
[EventType "swiss"]
[EventRounds "10"]
[EventCountry "IND"]
[SourceTitle "CB03_2024"]
[SourceDate "2024.01.17"]
[SourceVersion "1"]
[SourceVersionDate "2024.01.17"]
[SourceQuality "1"]

1. e4 e6 2. d4 d5 3. Bd3 Nf6 4. e5 Nfd7 5. f4 c5 6. c3 Nc6 7. Nf3 Qb6 8. f5 exf5 9. Bxf5 cxd4 10. e6 fxe6 11. Bxe6 Nf6 12. Bxc8 Rxc8 13. cxd4 Bb4+ 14. Nc3 Nxd4 15. Nxd4 Rxc3 16. 0-0 Rc4 17. Be3 Bc5 18. Rxf6 Qxf6 19. Qh5+ g6 20. Qxd5 Bxd4 21. Qxc4 Bxe3+ 22. Kh1 Qc6 23. Qb3 Qb6 24. Qd5 Qd4 25. Qe6+ Kd8 26. Qb3 Kc7 27. Rd1 Rf8 28. h3 Qc5 29. Qe6 a5 30. a3 a4 31. Qd7+ Kb8 32. Qxa4 Bf4 33. Qe4 Bc7 34. b4 Qf2 35. Qd3 h5 36. b5 h4 37. b6 Qxb6 38. Rb1 Qd6 0-1

[Event "Wch U18"]
[Site "Montesilvano"]
[Date "2023.11.23"]
[Round "10"]
[White "Brnusak, Tomas"]
[Black "Ilamparthi, AR."]
[Result "0-1"]
[WhiteElo "2171"]
[BlackElo "2385"]
[PlyCount "62"]
[EventDate "2023.11.13"]
[EventType "swiss"]
[EventRounds "11"]
[EventCountry "ITA"]
[SourceTitle "CB48_2023"]
[SourceDate "2023.11.29"]
[SourceVersion "1"]
[SourceVersionDate "2023.11.29"]
[SourceQuality "1"]

1. e4 c5 2. Nf3 e6 3. g3 Nc6 4. Bg2 Nf6 5. Qe2 e5 6. c3 Be7 7. 0-0 0-0 8. Na3 d5 9. d3 d4 10. Nc4 Qc7 11. cxd4 cxd4 12. Bg5 b5 13. Na3 a6 14. Rac1 Bd7 15. Nh4 h6 16. Nf5 Bd8 17. Bd2 Qb6 18. Nc2 a5 19. b4 Qa6 20. f4 Re8 21. fxe5 Nxe5 22. h3 Bxf5 23. Rxf5 g6 24. Rff1 Nh5 25. Kh2 Qd6 26. Qf2 Bh4 27. Qxd4 Bxg3+ 28. Kg1 Bh2+ 29. Kh1 Ng3+ 30. Kxh2 Nxf1+ 31. Bxf1 Nf3+ 0-1

[Event "Wch U18"]
[Site "Montesilvano"]
[Date "2023.11.22"]
[Round "9"]
[White "Ilamparthi, AR."]
[Black "Domalchuk Jonasson, Aleksandr"]
[Result "0-1"]
[WhiteElo "2385"]
[BlackElo "2403"]
[PlyCount "106"]
[EventDate "2023.11.13"]
[EventType "swiss"]
[EventRounds "11"]
[EventCountry "ITA"]
[SourceTitle "CB48_2023"]
[SourceDate "2023.11.29"]
[SourceVersion "1"]
[SourceVersionDate "2023.11.29"]
[SourceQuality "1"]

1. e4 e5 2. Nf3 Nc6 3. Nc3 Nf6 4. Be2 d5 5. exd5 Nxd5 6. 0-0 Be7 7. Bb5 Nxc3 8. bxc3 e4 9. Nd4 Bd7 10. Nxc6 bxc6 11. Bc4 0-0 12. Qh5 Be6 13. Bxe6 fxe6 14. Qe2 Qd5 15. Bb2 Rad8 16. c4 Qf5 17. f3 Qf4 18. Bc3 Bc5+ 19. Kh1 Bd6 20. g3 exf3 21. Qxe6+ Qf7 22. Rae1 Qxe6 23. Rxe6 Rf5 24. d4 c5 25. d5 g5 26. Kg1 g4 27. Re4 h5 28. Kf2 Kf7 29. Rfe1 Rd7 30. Ba5 Rg5 31. R1e3 Rg6 32. Ra3 Re7 33. Rxe7+ Kxe7 34. Re3+ Kd7 35. Bd2 Be7 36. Ra3 Rb6 37. Bc3 Rb1 38. Rxa7 Rh1 39. Be5 Rxh2+ 40. Kf1 Rh1+ 41. Kf2 Rh2+ 42. Kf1 Bd6 43. Bxd6 Kxd6 44. Ra6+ Ke5 45. Rh6 Kd4 46. a4 h4 47. Rxh4 Rxh4 48. gxh4 g3 49. a5 Ke3 50. d6 cxd6 51. a6 g2+ 52. Kg1 f2+ 53. Kxg2 Ke2 0-1

[Event "Wch U18"]
[Site "Montesilvano"]
[Date "2023.11.13"]
[Round "1"]
[White "Ilamparthi, AR."]
[Black "Rotondaro, Alberto"]
[Result "1-0"]
[WhiteElo "2385"]
[BlackElo "2065"]
[PlyCount "165"]
[EventDate "2023.11.13"]
[EventType "swiss"]
[EventRounds "11"]
[EventCountry "ITA"]
[SourceTitle "CB48_2023"]
[SourceDate "2023.11.29"]
[SourceVersion "1"]
[SourceVersionDate "2023.11.29"]
[SourceQuality "1"]

1. e4 c5 2. Nf3 d6 3. d4 cxd4 4. Nxd4 Nf6 5. Nc3 a6 6. Be3 e5 7. Nb3 Be6 8. Qf3 Nc6 9. h3 Rc8 10. 0-0-0 Qc7 11. Kb1 Qd8 12. Kc1 Qc7 13. Kb1 b5 14. g4 h6 15. Nd5 Bxd5 16. exd5 Ne7 17. c3 e4 18. Qg2 Nexd5 19. Bd2 Nb6 20. h4 d5 21. f3 Nc4 22. fxe4 Nxe4 23. Bc1 Nf6 24. Bd2 Ne4 25. Bc1 Qe5 26. Bd2 Qc7 27. Bc1 Qe5 28. Bd3 Qc7 29. Bf1 Qe5 30. Bd3 Be7 31. Bf1 Bf8 32. Bd3 Be7 33. Rhe1 Bf8 34. Rh1 Be7 35. Rhe1 Bf8 36. Rh1 Be7 37. Rhe1 Bf8 38. Rh1 Be7 39. Rhe1 0-0 40. Bxe4 dxe4 41. Rxe4 Qf6 42. Ree1 Qe5 43. Re4 Qf6 44. Rf1 Qg6 45. h5 Qh7 46. Ka1 Qg6 47. Kb1 Qh7 48. Ka1 Bg5 49. Kb1 Be7 50. Ka1 Bg5 51. Bxg5 hxg5 52. Qe2 Rcd8 53. Qg2 Rc8 54. Qe2 Rcd8 55. Qg2 Rc8 56. Qe2 Rcd8 57. Re1 Rc8 58. Rf1 Rcd8 59. Re1 Rc8 60. Rf1 Rcd8 61. Re1 Rc8 62. Rf1 Rcd8 63. Re1 Rc8 64. Rf1 Rcd8 65. Re1 Qh6 66. Rf1 Qh7 67. Re1 Qh6 68. Nd4 Qh7 69. Nb3 Qh6 70. Nd4 Qd6 71. Nb3 Qh6 72. Nd4 Qd6 73. Nb3 Qh6 74. Nd4 Qd6 75. Nb3 Qh6 76. Nd4 Qd6 77. h6 g6 78. Qf2 Kh7 79. Re7 Qd5 80. R7e4 Qd6 81. Re7 Qd5 82. Qf6 Kxh6 83. Nf5+ 1-0